<?xml version="1.0" encoding="UTF-8"?>
<record
    xmlns:xsi="http://www.w3.org/2001/XMLSchema-instance"
    xsi:schemaLocation="http://www.loc.gov/MARC21/slim http://www.loc.gov/standards/marcxml/schema/MARC21slim.xsd"
    xmlns="http://www.loc.gov/MARC21/slim">

  <leader>00758nam a22002297a 4500</leader>
  <controlfield tag="001">2592</controlfield>
  <controlfield tag="005">20240926123508.0</controlfield>
  <datafield tag="020" ind1=" " ind2=" ">
    <subfield code="a">9780545528344</subfield>
  </datafield>
  <datafield tag="040" ind1=" " ind2=" ">
    <subfield code="a">FISKH</subfield>
    <subfield code="b">eng</subfield>
    <subfield code="c">FISKH</subfield>
    <subfield code="d">FISKH</subfield>
  </datafield>
  <datafield tag="050" ind1=" " ind2=" ">
    <subfield code="a">PZ7.L96768 </subfield>
  </datafield>
  <datafield tag="082" ind1=" " ind2=" ">
    <subfield code="a">813.6</subfield>
  </datafield>
  <datafield tag="100" ind1=" " ind2=" ">
    <subfield code="a">Lu, Marie</subfield>
  </datafield>
  <datafield tag="245" ind1=" " ind2=" ">
    <subfield code="a">Legend /</subfield>
    <subfield code="c">Marie Lu</subfield>
  </datafield>
  <datafield tag="250" ind1=" " ind2=" ">
    <subfield code="a">This edition first printing, January 2013</subfield>
  </datafield>
  <datafield tag="260" ind1=" " ind2=" ">
    <subfield code="a">New York :</subfield>
    <subfield code="b">Scholastic, </subfield>
    <subfield code="c">2011</subfield>
  </datafield>
  <datafield tag="300" ind1=" " ind2=" ">
    <subfield code="a">305 pages :</subfield>
    <subfield code="c">20 cm</subfield>
  </datafield>
  <datafield tag="505" ind1=" " ind2=" ">
    <subfield code="a">M </subfield>
  </datafield>
  <datafield tag="520" ind1=" " ind2=" ">
    <subfield code="a">In a dark future, when North America has split into two warring nations, fifteen-year-olds Day, a famous criminal, and prodigy June, the brilliant soldier hired to capture him, discover that they have a common enemy.</subfield>
  </datafield>
  <datafield tag="521" ind1=" " ind2=" ">
    <subfield code="a">710 </subfield>
    <subfield code="b">Lexile</subfield>
  </datafield>
  <datafield tag="521" ind1=" " ind2=" ">
    <subfield code="a">M </subfield>
    <subfield code="b">Raz-Plus</subfield>
  </datafield>
  <datafield tag="942" ind1=" " ind2=" ">
    <subfield code="2">ddc</subfield>
    <subfield code="c">BK</subfield>
    <subfield code="n">0</subfield>
  </datafield>
  <datafield tag="999" ind1=" " ind2=" ">
    <subfield code="c">2592</subfield>
    <subfield code="d">2592</subfield>
  </datafield>
  <datafield tag="952" ind1=" " ind2=" ">
    <subfield code="0">0</subfield>
    <subfield code="1">0</subfield>
    <subfield code="2">ddc</subfield>
    <subfield code="4">0</subfield>
    <subfield code="7">0</subfield>
    <subfield code="8">FIC</subfield>
    <subfield code="a">001</subfield>
    <subfield code="b">001</subfield>
    <subfield code="c">TTP</subfield>
    <subfield code="d">2024-01-03</subfield>
    <subfield code="l">1</subfield>
    <subfield code="o">LU 813.6 PZ7.L96768</subfield>
    <subfield code="p">FISSE00436</subfield>
    <subfield code="r">2024-02-28 11:16:08</subfield>
    <subfield code="s">2024-02-02</subfield>
    <subfield code="t">1</subfield>
    <subfield code="w">2024-01-03</subfield>
    <subfield code="y">BK</subfield>
  </datafield>
  <datafield tag="952" ind1=" " ind2=" ">
    <subfield code="0">0</subfield>
    <subfield code="1">0</subfield>
    <subfield code="2">ddc</subfield>
    <subfield code="4">0</subfield>
    <subfield code="7">0</subfield>
    <subfield code="8">FIC</subfield>
    <subfield code="a">001</subfield>
    <subfield code="b">001</subfield>
    <subfield code="c">TTP</subfield>
    <subfield code="d">2024-05-06</subfield>
    <subfield code="l">0</subfield>
    <subfield code="o">LU 813.6 PZ7.L96768</subfield>
    <subfield code="p">2024-0567</subfield>
    <subfield code="r">2024-05-06 15:00:40</subfield>
    <subfield code="t">2</subfield>
    <subfield code="w">2024-05-06</subfield>
    <subfield code="y">BK</subfield>
  </datafield>
  <datafield tag="952" ind1=" " ind2=" ">
    <subfield code="0">0</subfield>
    <subfield code="1">0</subfield>
    <subfield code="2">ddc</subfield>
    <subfield code="4">0</subfield>
    <subfield code="7">0</subfield>
    <subfield code="8">FIC</subfield>
    <subfield code="a">001</subfield>
    <subfield code="b">001</subfield>
    <subfield code="c">TTP</subfield>
    <subfield code="d">2024-05-06</subfield>
    <subfield code="l">1</subfield>
    <subfield code="o">LU 813.6 PZ7.L96768</subfield>
    <subfield code="p">2024-0568</subfield>
    <subfield code="r">2025-06-05 08:42:42</subfield>
    <subfield code="s">2025-04-04</subfield>
    <subfield code="t">3</subfield>
    <subfield code="w">2024-05-06</subfield>
    <subfield code="y">BK</subfield>
  </datafield>
  <datafield tag="952" ind1=" " ind2=" ">
    <subfield code="0">0</subfield>
    <subfield code="1">0</subfield>
    <subfield code="2">ddc</subfield>
    <subfield code="4">0</subfield>
    <subfield code="7">0</subfield>
    <subfield code="8">FIC</subfield>
    <subfield code="a">001</subfield>
    <subfield code="b">001</subfield>
    <subfield code="c">TTP Orange</subfield>
    <subfield code="d">2024-09-26</subfield>
    <subfield code="l">0</subfield>
    <subfield code="o">LU 813.6 PZ7.L96768</subfield>
    <subfield code="p">2024-2089</subfield>
    <subfield code="r">2024-09-26 07:42:06</subfield>
    <subfield code="t">4</subfield>
    <subfield code="w">2024-09-26</subfield>
    <subfield code="y">BK</subfield>
  </datafield>
  <datafield tag="952" ind1=" " ind2=" ">
    <subfield code="0">0</subfield>
    <subfield code="1">0</subfield>
    <subfield code="2">ddc</subfield>
    <subfield code="4">0</subfield>
    <subfield code="7">0</subfield>
    <subfield code="8">FIC</subfield>
    <subfield code="a">001</subfield>
    <subfield code="b">001</subfield>
    <subfield code="c">TTP Orange</subfield>
    <subfield code="d">2024-09-26</subfield>
    <subfield code="l">0</subfield>
    <subfield code="o">LU 813.6 PZ7.L96768</subfield>
    <subfield code="p">FIS02093</subfield>
    <subfield code="r">2024-09-26 12:36:05</subfield>
    <subfield code="t">5</subfield>
    <subfield code="w">2024-09-26</subfield>
    <subfield code="y">BK</subfield>
  </datafield>
</record>
